Biggest cities in the UK - Statistics

General Stats
  • This quiz has been taken 37 times
  • The average score is 23 of 30
Answer Stats
Hint Answer % Correct
2 1,121,375 Birmingham
97%
1 8,799,800 London
97%
8 470,405 Manchester
97%
5 512,700 Edinburgh
94%
16 286,445 Newcastle
94%
3 620,700 Glasgow
92%
4 536,280 Leeds
92%
6 506,565 Liverpool
92%
15 293,298 Belfast
89%
17 277,105 Brighton
86%
11 348,535 Cardiff
86%
22 249,620 Southampton
86%
9 425,215 Bristol
83%
14 299,790 Nottingham
83%
7 500,535 Sheffield
81%
26 224,000 Aberdeen
72%
10 406,580 Leicester
72%
29 200,770 Norwich
72%
20 266,955 Plymouth
69%
12 344,285 Coventry
67%
19 270,810 Hull
67%
27 223,305 Portsmouth
64%
13 333,950 Bradford
58%
28 203,795 Reading
58%
25 233,525 Luton
56%
21 260,560 Stoke
56%
24 234,025 Wolverhampton
53%
30 197,340 Milton Keynes
50%
23 243,520 Northampton
50%
18 275,575 Derby
47%
No matching quizzes found
Score Distribution
Percent of People with Each Score
Percentile by Number Answered
Your Score History
You have not taken this quiz